| 000 | 00529nam a2200181 a 4500 | ||
|---|---|---|---|
| 005 | 20140412111248.0 | ||
| 008 | 010719s19uu xx 00 eng d | ||
| 020 | _a0-307-98765-5 | ||
| 050 |
_aER _bPo75ee 1997 |
||
| 100 | _aBraybrooks, Ann | ||
| 245 |
_aEeyore, your'e the best! / _cby Ann Braybrooks; illustrated by John Kurtz. |
||
| 260 |
_aNew York : _bA Golden Book, _c1997. |
||
| 300 | _a1v. (unp.) ; ill. | ||
| 440 | _aPooh series | ||
| 650 | _aChildren's stories | ||
| 650 | _aPooh stories-Fiction | ||
| 999 |
_c103033 _d103033 |
||